| 000 | 01057nam a2200313Ia 4500 | ||
|---|---|---|---|
| 003 | OSt | ||
| 005 | 20221007122836.0 | ||
| 006 | a|||||r|||| 00| 0 | ||
| 007 | ta | ||
| 008 | 221006b |||||||| |||| 00| 0 eng d | ||
| 020 | _a9788126542369 (hbk) | ||
| 024 | _a190624 | ||
| 037 |
_b2400, 19/03/2014, Ashutosh Technical Books _cTextual |
||
| 040 |
_aPAPL _cPAPL _beng |
||
| 041 |
_2eng _aeng |
||
| 082 | _aC:(E:283), P6 Carpa | ||
| 100 |
_aSperling L H _9715376 |
||
| 245 | 0 | _aIntroduction to physical polymer science | |
| 260 |
_aNew _bDelhi Wiley _c2013 |
||
| 300 |
_axxx, 845p. ill. _ccm. |
||
| 500 | _aInclude bibliographical references; Index 827-845p. | ||
| 650 |
_a Chain structure and configuration _9715377 |
||
| 650 |
_a Mordern polymer topics _9715378 |
||
| 650 |
_a Multicomponent polymeric materials _9715379 |
||
| 650 |
_a Polymer science _9715380 |
||
| 650 | _aPhysics | ||
| 942 |
_hC:(E:283), P6 Carpa _cTEXL _2CC |
||
| 999 |
_c1211015 _d1211015 |
||